| 000 | 00352nam a2200109Ia 4500 | ||
|---|---|---|---|
| 008 | 171204s9999 xx 000 0 und d | ||
| 245 | _aBridging Literacies With Videogames By Hannah R. Gerber: | ||
| 245 | _cHannah R. Gerber | ||
| 260 | _c2014 | ||
| 650 | _xVIDEO PRODUCTION AND DIRECTION | ||
| 856 | _uhttp://down.ebook777.com/BriLitWitVidByHanR.Ger.pdf | ||
| 999 |
_c346224 _d346224 |
||